Jornadas de literatura española : siglo de oro :
Guardado en:
| Formato: | Libro |
|---|---|
| Publicado: |
Salta :
Universidad Nacional,
1987
|
| Series: | Cuadernos De Humanidades ; 6
|
| Materias: | |
| Etiquetas: |
Agregar Etiqueta
Sin Etiquetas, Sea el primero en etiquetar este registro!
|
| LEADER | 00568nam a22001935a 4500 | ||
|---|---|---|---|
| 001 | EHU.bham024239 | ||
| 003 | AR-BHAM | ||
| 005 | 20130507141103.0 | ||
| 008 | 130507s1987##################000#0#####d | ||
| 082 | 8 | 6 | |a 860.1 |
| 245 | 0 | 0 | |a Jornadas de literatura española : |b siglo de oro : |
| 260 | |a Salta : |b Universidad Nacional, |c 1987 | ||
| 300 | |a 363 p. | ||
| 490 | 0 | |a Cuadernos De Humanidades ; 6 | |
| 653 | |a Literatura espaÑola | ||
| 653 | |a Siglo de oro espaÑol | ||
| 653 | |a Jornadas | ||
| 653 | |a Actas | ||
| 859 | |a AR-BHAM |b BIB. HUMANIDADES - General |h 860.1 |i J769-1 |p 865.93 |t Ej.1 | ||
